Language Quiz

Random Language or Letter Quiz

Every 5 Letter Word Quiz Stats

Quiz Updated Oct 17, 2016

Challenge
Share
Tweet
May run slowly due to high number of answers.
Score 0/298 Timer 20:00
3 Plays Today
% Correct
GRAVY - GRITH
72.2%
HAYER - HEIGH
71.7%
BEARD - BEGUN
71.6%
BAKER - BARCA
71.4%
DAMAN - DAUNT
71%
BRADS - BREDE
70.9%
DRAPE - DROIT
70.6%
ABOON - ACRED
70.5%
HAREM - HAYED
70%
HORSE - HUCKS
69.7%
COYER - CREDO
69.5%
GOUTS - GRAVE
69.5%
ACRES - ADULT
68.8%
QUEEN - QUOTH
68.5%
COSTS - COYED
68.2%
BEIGE - BERRY
68.2%
BITTY - BLEST
67.9%
THEIR - THREE
67.7%
HALID - HARED
67.5%
BARDE - BASTE
67.5%
BASTS - BEANS
66.7%
BINDS - BITTS
66.6%
BLETS - BLUEY
66.6%
MAGIC - MAMBO
66.6%
BOOGY - BOSSY
66.6%
MORSE - MOVED
66.4%
GRITS - GUARS
66.2%
CARRY - CECAL
66.2%
FIRER - FLAMS
65.9%
QURSH - RAITA
65.9%
ADUNC - AGGIE
65.8%
DROLL - DUDDY
65.7%
TOTER - TRAMS
65.5%
MARKS - MAULS
65.5%
BROKE - BUDDY
65.4%
RIFTS - RISUS
65.1%
AZOTH - BAKED
65.1%
AAHED - ABOMA
64.9%
CROON - CUBIT
64.6%
FOURS - FRIGS
64.5%
FADDY - FANNY
64.2%
CREDS - CROOK
64%
SEVER - SHARK
63.9%
DYKED - ECLAT
63.9%
BREED - BROIL
63.7%
CLOSE - COBIA
63.6%
DAUTS - DECAY
63.6%
MIASM - MILPA
63.5%
TRANK - TRIES
63.5%
RITES - ROLFS
63.3%
BLUFF - BOHOS
63.1%
CALKS - CANTS
62.7%
ALLOY - AMBIT
62.3%
FONDU - FOUNT
62.3%
MAUND - MEATS
62.2%
DOURA - DRANK
62.2%
ESNES - EXCEL
62%
MONKS - MORRO
62%
APERY - AREAL
62%
RAVIN - REBBE
61.8%
HUFFS - HUTCH
61.8%
DOOMY - DOUMS
61.7%
NONCE - NUBIA
61.6%
BOILS - BOOED
61.3%
PAREO - PATER
61.3%
NAFFS - NARIS
61.3%
TIKIS - TITAN
61.3%
SKULL - SLIDE
61.2%
MIRKY - MOGGY
61.1%
NICHE - NITRO
61.1%
TACHE - TALLY
61.1%
COLDS - CONCH
61%
SQUAT - START
61%
HONER - HORNY
60.9%
GIVER - GLIAS
60.8%
BUSED - CABOB
60.8%
GLUTS - GONER
60.7%
RANTS - RAVES
60.4%
SHOOK - SHUNT
60.2%
FAUVE - FELLA
60%
DICKY - DINGY
60%
SHIES - SHONE
59.9%
HILLY - HODAD
59.7%
LORRY - LOWES
59.5%
NARKS - NELLY
59.5%
MOGUL - MONIE
59.2%
MILTS - MIRKS
59.1%
DOGMA - DOOMS
59%
FANON - FAUNS
59%
JIVES - JOWED
58.9%
HOERS - HONED
58.9%
CANTY - CARRS
58.8%
FLAMY - FLIRS
58.7%
BIDET - BINDI
58.6%
PACKS - PALMY
58.5%
FILAR - FIRED
58.5%
TAXIS - TELCO
58.3%
LIARD - LIMAN
58.2%
LOIDS - LORIS
58.2%
HABUS - HALES
58.2%
% Correct
HERNS - HILLS
58.1%
SILDS - SISAL
58.1%
MOVER - MULLA
58%
DECKS - DELED
58%
CONDO - COOTS
57.9%
COPAL - COSTA
57.9%
WASPS - WECHT
57.9%
THREW - TIKES
57.9%
DUDED - DUOMI
57.9%
HEILS - HERMS
57.9%
ROLLS - ROTLS
57.8%
FLIRT - FLUNK
57.8%
BOSUN - BRACT
57.7%
SADLY - SALON
57.6%
LAEVO - LAPEL
57.6%
MAMEY - MARKA
57.4%
BUDGE - BUNKO
57.3%
LINOS - LOAFS
57.3%
CYCAD - DALLY
57.3%
ALEFS - ALLOW
57.2%
DESEX - DICKS
57.1%
ISLED - JALOP
57%
OPAHS - ORNIS
56.9%
PORES - PRAAM
56.8%
FRILL - FUDDY
56.8%
TRUCE - TUFFS
56.7%
CETES - CHEAP
56.6%
MEATY - MERCY
56.6%
LEANS - LEMAN
56.5%
ECRUS - ELBOW
56.4%
FEUAR - FIGHT
56.3%
CITES - CLEAN
56.1%
WAKEN - WASHY
56.1%
DELES - DERRY
56%
WHAMO - WHIPS
55.9%
CLEAR - CLOPS
55.9%
KHANS - KINGS
55.9%
JOWLS - JURAT
55.9%
GLIDE - GLUTE
55.7%
TOLAS - TOPER
55.7%
SEEDY - SENSA
55.6%
WOKEN - WORST
55.6%
SCRUM - SEEDS
55.5%
BUNKS - BUSBY
55.5%
SLIER - SLUMP
55.4%
ANKLE - APERS
55.3%
SLUMS - SMOGS
55.3%
PYRIC - QUEAN
55.2%
ARRAY - ASPIS
55.1%
STASH - STIES
55%
ROTOR - RUBEL
54.9%
PEAKY - PEKOE
54.9%
NEMAS - NICER
54.8%
SALPA - SARKS
54.8%
GIGAS - GIVEN
54.7%
AUNTS - AWASH
54.7%
TALON - TARNS
54.7%
BERTH - BIDES
54.6%
GONGS - GOURD
54.6%
KNEED - KONKS
54.6%
SHUSH - SIKES
54.6%
PALPI - PARED
54.6%
PILLS - PIPET
54.6%
ASSAI - AULIC
54.5%
EXECS - FACTS
54.4%
SHARN - SHIER
54.4%
CUDDY - CURFS
54.3%
EMOTE - EPACT
54.2%
GENRE - GIFTS
54.2%
SWATH - SWORE
54.1%
PLATE - PLUME
54.1%
YURTS - ZIPPY
54%
WEDEL - WHALE
53.9%
CHEAT - CHIME
53.9%
DINKS - DIVAS
53.8%
MULLS - MUSSY
53.8%
SCENE - SCRUB
53.8%
SORUS - SPALL
53.7%
TAROC - TAXES
53.7%
GUAVA - GUPPY
53.6%
RUPEE - SADIS
53.5%
AGGRO - AIMER
53.5%
DIVED - DOGIE
53.3%
RUBES - RUNTY
53.3%
CHIMP - CHOWS
53.1%
LAPIN - LATHY
52.9%
AMORT - ANKHS
52.8%
FELLS - FETUS
52.7%
SENSE - SEVEN
52.6%
PATES - PEAKS
52.6%
WIDTH - WINZE
52.6%
COBLE - COLBY
52.5%
PIPIT - PLASM
52.5%
SARKY - SAWER
52.4%
WHIPT - WIDOW
52.3%
RAJAH - RANKS
52.2%
GALAS - GAPER
51.9%
CURIA - CYBER
51.8%
JAMBE - JENNY
51.8%
TELES - TERAI
51.7%
% Correct
CACAO - CALIX
51.6%
UMAMI - UNFED
51.4%
PRAHU - PRIGS
51.1%
TRIGO - TROYS
51%
PLUMP - POLIS
50.9%
SAXES - SCEND
50.8%
YAMUN - YENTA
50.8%
NUCHA - OBEAH
50.6%
WORTH - WURST
50.6%
STOOP - STUBS
50.5%
OVATE - PACHA
50.5%
TERCE - THEIN
50.4%
LOWLY - LUNES
50.3%
MERDE - MIAOW
50.2%
REDUX - REIVE
50.2%
STIFF - STOOL
50.2%
TUFTS - TUTTI
50.2%
TITER - TOLAR
50.1%
SPAMS - SPICA
50%
LIMAS - LINNS
49.9%
SPOKE - SQUAD
49.8%
INKER - ISBAS
49.6%
JERID - JIVER
49.6%
FLUOR - FONDS
49.5%
AMBLE - AMONG
49.5%
SNIPE - SOCKO
49.4%
LUNET - LYING
49.4%
LATKE - LEAKY
49.4%
AREAS - ARRAS
49.2%
KININ - KNEAD
49%
DUOMO - DYING
48.9%
FUDGE - FUSEE
48.8%
SWORN - TACET
48.8%
SISES - SKELL
48.8%
SMOKE - SNIFF
48.8%
PERRY - PHYLE
48.7%
ORPIN - OVARY
48.6%
REWET - RIFLE
48.4%
MUSTH - NAEVI
48.2%
POLKA - PORED
48.1%
CECUM - CESTI
48%
PELES - PERPS
48%
PIANO - PILIS
47.6%
VEGAN - VETCH
47.5%
SKELM - SKULK
47.4%
GAPES - GAWSY
47.2%
GURGE - HABIT
47%
VALUE - VEERY
46.9%
RERAN - REWED
46.9%
SOCKS - SOMAN
46.8%
SOMAS - SORTS
46.8%
PUPAS - PYREX
46.3%
REJIG - REPRO
46.2%
STUCK - SUEDE
46.1%
GAYAL - GENOM
46%
SPICE - SPOIL
46%
ELDER - EMMYS
45.9%
CHUBS - CITER
45.8%
ODORS - OLDEN
45.5%
URPED - VALSE
45%
YOKES - YURTA
45%
LYMPH - MAGES
44.9%
OLDER - OOZES
44.9%
PUGGY - PUPAL
44.8%
VUGGY - WAKED
44.4%
LEMMA - LIANG
44.4%
KULAK - LADLE
44.3%
FUSEL - GALAH
44.2%
PRILL - PROSE
43.6%
HUZZA - IDIOT
43.6%
LOAMS - LOGOS
43.4%
VODKA - VUGGS
43.2%
OBELI - ODIUM
43.1%
SUERS - SURAS
42.9%
EPEES - ESKER
42.6%
VEXED - VINIC
42.5%
IDLED - IMIDS
42.4%
KAPOK - KEEVE
42.1%
TOPES - TOTEM
41.6%
PROSO - PUFFY
41.5%
AIOLI - ALECS
41.1%
NITTY - NONAS
40.7%
SURDS - SWASH
40.6%
REBEC - REDUB
39.7%
JUREL - KAPHS
38.5%
AWFUL - AZOTE
37.7%
WIPED - WOFUL
36.9%
VINOS - VOCES
36.6%
UNWED - URINE
36.3%
IMINE - INKED
36.2%
TYKES - ULVAS
35.7%
ZIRAM - ZYMES
34.7%
UNFIT - UNTIL
34.6%
TUTTY - TYIYN
33.8%
WUSHU - YAMEN
29.8%
KEFIR - KHAKI
27.9%
YENTE - YOKEL
27.2%
KOOKS - KUKRI
23.1%

You're not logged in!

Compare scores with friends on all Sporcle quizzes.
Sign Up with Email
OR
Log In

You Might Also Like...

Show Comments

Extras

Top Quizzes Today


Score Distribution

Your Account Isn't Verified!

In order to create a playlist on Sporcle, you need to verify the email address you used during registration. Go to your Sporcle Settings to finish the process.

Report this User

Report this user for behavior that violates our Community Guidelines.

Details: